| 000 | 01000nam a2200277 a 4500 | ||
|---|---|---|---|
| 001 | BRL_1893 | ||
| 005 | 20190320211424.0 | ||
| 008 | 130815s1903----mx-a######---#000-0#spa-# | ||
| 041 | _aspa | ||
| 044 | _amx | ||
| 050 | 4 |
_aF1219 _b.M68 1903 |
|
| 100 | 1 |
_aMotolinia, Toribio _d1568 _98540 |
|
| 245 | 1 | 0 |
_aMemoriales de Fray Toribio de Motolinia _bmanuscrito de la colección del señor don Joaquín García Icazbalceta, que publícalo por primera vez su hijo Luis García Pimentel. |
| 260 |
_aMéjico _bEn Casa del Editor _c1903 |
||
| 300 |
_aviii, 364 p. _bil., 1 lámina _c25 cm. |
||
| 440 | 0 |
_aDocumentos Históricos de Mejico _v1 _928174 |
|
| 500 | _aIncluye apéndice | ||
| 500 | _aAu1284 | ||
| 500 | _aEstado físico: Desojado. | ||
| 500 | _aVer también número de sistema 3173 perteneciente al Fondo General Franz Mayer | ||
| 650 | 1 | 4 |
_aCalendario mexicano _98542 |
| 650 | 1 | 4 |
_aIndígenas de México _94678 |
| 700 | 1 |
_aGarcía Pimentel, Luis _98543 |
|
| 902 | _aGRL | ||
| 942 |
_2lcc _cB |
||
| 999 |
_c10701 _d10701 |
||